Life in Organizations : Workplaces as people experience them

Wedi'i Gadw mewn:
Manylion Llyfryddiaeth
Prif Awdur: Kanter, Rosabeth Moss
Fformat: Llyfr
Iaith:Undetermined
Cyhoeddwyd: New York Basic Books, Inc. [ 1989 ]
Pynciau:
Tagiau: Ychwanegu Tag
Dim Tagiau, Byddwch y cyntaf i dagio'r cofnod hwn!
Thư viện lưu trữ: Trung tâm Học liệu Trường Đại học Cần Thơ
LEADER 00594nam a2200205Ia 4500
001 CTU_83489
008 210402s9999 xx 000 0 und d
082 |a 301.18 
082 |b K16 
100 |a Kanter, Rosabeth Moss 
245 0 |a Life in Organizations : 
245 0 |b Workplaces as people experience them 
245 0 |c Rosabeth Moss Kanter, Bary A. Stein 
260 |a New York 
260 |b Basic Books, Inc. 
260 |c [ 1989 ] 
650 |a Organizational behavior 
650 |x Case studies 
904 |i QHieu(sửa) 
980 |a Trung tâm Học liệu Trường Đại học Cần Thơ